Biblioteca

Un estudio teológico del viaje misionero del Apóstol Pablo a Atenas (Hechos 17:16-34) como base para impulsar el trabajo de misiones transculturales en la Iglesia Cristiana Confraternidad Colina Campestre (Registro nro. 67041)

Detalles MARC
000 -LÍDER
Campo fijo de descripción fija 02147nmm a22003497i 4500
001 - NÚMERO DE CONTROL
Campo de control 768714001
003 - IDENTIFICADOR DEL NÚMERO DE CONTROL
Campo de control CO-MdFUSB
005 - FECHA Y HORA DE LA ULTIMA TRANSACCIÓN
control field 20250429084304.0
007 - CAMPO FIJO DE DESCRIPCIÓN FIJA--INFORMACIÓN GENERAL
Campo fijo de descripción fija cr aa aaaaa
008 - ELEMENTOS DE LONGITUD FIJA -- INFORMACIÓN GENERAL
Campo fijo de descripción fija -- Información general 180403s2021 ck ||||| |||| 00| 0 spa d
040 ## - FUENTE DE CATALOGACIÓN
Agencia de catalogación original CO-MdFUSB
Idioma de catalogación Español
Agencia que realiza la transcripción CO-MdFUSB
Agencia que realiza la modificación CO-MdFUSB
041 ## - CÓDIGO DE IDIOMA
Código de idioma para texto/pista de sonido o título separado spa
043 ## - CÓDIGO DE ÁREA GEOGRÁFICA
Código de área geográfica ck
100 ## - ASIENTO PRINCIPAL--NOMBRE PERSONAL
Nombre personal Peña Fernández, Pablo Leonel,
Término relacionador autor
245 #3 - TÍTULO
Título del Material Un estudio teológico del viaje misionero del Apóstol Pablo a Atenas (Hechos 17:16-34) como base para impulsar el trabajo de misiones transculturales en la Iglesia Cristiana Confraternidad Colina Campestre
Mención de responsabilidad, etc. / Pablo Leonel Peña Fernández ; asesorado por Gustavo M. Karakey
264 #1 - PRODUCTION, PUBLICATION, DISTRIBUTION, MANUFACTURE, AND COPYRIGHT NOTICE
Lugar de procducción, publication, distribution, manufacture Medellín, Colombia :
Nombre del productor, publicador, distribuidor y manofactura FUSBC,
Fecha de producción, distribución, manufactura, o nota de copyright 2021
300 ## - DESCRIPCIÓN FÍSICA
Extensión 82 páginas
336 ## - TIPO DE CONTENIDO
Fuente rdacontent
Tipo de contenido programa de ordenador
Content type code cop
337 ## - TIPO DE MEDIO
Fuente rdamedia
Tipo de medio informático
Código c
338 ## - TIPO DE SOPORTE
Fuente rdacarrier
rdacarrier disco compacto
Código cd
502 ## - NOTA DE TESIS
Nota de Tesis Trabajo de grado
Tipo de estudio (Teología) --
Nombre de la Institución del grado Fundación Universitaria Seminario Bíblico de Colombia,
Año de graduación 2021
504 ## - NOTA DE BIBLIOGRAFÍA, ETC.
Nota de bibliografía, etc Bibliografía (página 78-82)
505 ## - NOTA DE CONTENIDO
Nota de contenido con formato preestablecido Marco teórico. -- Estudio teológico. -- Aplicación para las misiones. -- Conferencia misionera. -- Conclusiones.
506 ## - NOTA DE RESTRICCIONES DE ACCESO
Condiciones de acceso Préstamo en sala
520 ## - NOTA DE RESUMEN, ETC.
Nota de sumario, etc. Este estudio investigativo parte de la pregunta ¿Cómo involucrar a la Iglesia Cristiana Confraternidad Colina Campestre en las misiones transculturales? La responde a través de un estudio teológico del discurso del Apóstol Pablo a los atenienses. En su discurso encuentra principios para las misiones, predicación y teología que se deben tener en cuenta a la hora de llevar el mensaje del evangelio a una cultura que tenga poco o ningún conocimiento del evangelio. Aunque su estudio sea dirigido a la Iglesia Cristiana Confraternidad Colina Campestre, esta investigación es aplicable para cualquier iglesia que no sepa cómo involucrarse en las misiones transculturales.
590 ## - NOTA LOCAL
Nota local Préstamo en sala
650 #0 - ASIENTO SECUNDARIO DE MATERIA - TERMINO TEMÁTICO
Término temático o nombre geográfico como elemento de entrada Misiones
9 (RLIN) 154
700 ## - ASIENTO SECUNDARIO - NOMBRE PERSONAL
Responsabilidad asesor
9 (RLIN) 2754
Nombre personal Karakey, Gustavo.
856 ## - LOCALIZACIÓN Y ACCESO ELECTRÓNICOS
Nombre del sitio REPCI
Identificador Uniforme del Recurso http://62.84.176.49:4000/items/d1377cf2-6427-4879-b040-4d34a303c578
942 ## - TIPO DE MATERIAL (KOHA)
Tipo de Item KOHA Trabajos de Grado
Existencias
Estado de Retirado Estado de Perdido Forma de Clasificación Estado de Dañado No para Préstamo Colección Biblioteca FUSBC Biblioteca de Origen Biblioteca Permanente Ubicación en Estantería Fecha de Adquisición Total de Préstamos Signatura Topográfica Última vez visto Ejemplar/Existencia Url Fecha de Remplazo Tipo de Material
    Dewey Decimal Classification     Trabajos de grado MISIONES / EVANGELISMO Biblioteca FUSBC Biblioteca FUSBC Recurso en linea 27/11/2021   REPCI 27/11/2021 Ej. 1 https://bit.ly/44bkLRb 27/11/2021 Trabajos de Grado

Biblioteca FUSBC | Teléfono: (57+4) 349 88 10 Ext. 141| WhatsApp (+57) 3005338115 
E-mail: biblioteca@unisbc.edu.co | Calle 76 87-14 Robledo Palenque, Medellín, Colombia

Con tecnología Koha